Science Knowledge Decoder - Statistics

General Stats
  • This quiz has been taken 139 times
  • The average score is 36 of 57
Answer Stats
Clue Answer % Correct
W H2O water
100%
H First element of the periodic table hydrogen
96%
G Colour of chlorophyll green
91%
I Coloured part of the eye iris
87%
Write blank blank
86%
Write blank blank
86%
Write blank blank
86%
Write blank blank
86%
Write blank blank
86%
Write blank blank
86%
Write blank blank
86%
F ____ and Celsius are used to measure temperature fahrenheit
84%
E Negatively charged particle electron
83%
N Uncharged particle neutron
83%
N Group 0 are called the ______ gases noble
83%
S Chemistry, Physics and Biology are ______ science
83%
I Can't be affected by a bacteria. So, you are ____to that bacteria. immune
82%
P Process where plants make food photosynthesis
82%
: Write colon colon
80%
N addictive drug mostly used in cigarettes nicotine
80%
O Building that houses a telescope observatory
80%
S What is produced in the salivary gland Saliva
78%
D Process where food is broken down and absorbed digestion
76%
A pH 0-6 is acid
75%
E Creator of theory of relativity einstein
73%
E Substance on the periodic table element
73%
E Francium, iodine and Sulfur are examples of what element
73%
S Area beyond earth's atmosphere space
73%
I Charged particles ions
71%
M Zooms in on small microscopic cells. What is the apparatus called microscope
70%
N Positive middle part of the atom nucleus
68%
T Made of calcium and mechanically chew food teeth
68%
V Some waves can't travel in a ______. An example is space vacuum
68%
I Hormone which decreases concentration of glucose insulin
65%
R Back of the eye retina
65%
T Plants made of wood tree
63%
U Used in atomic bombs on Japan uranium
59%
Y Chemical symbol 'Y' Yt_riu_ Yttrium
54%
T Scientific word for windpipe trachea
53%
T cells, ____, organ, organ system, body tissue
52%
I Same number of protons, different number of neutrons isotope
51%
N What type of cells have dendrites, synapse and methyl sheath nerve
51%
I Variable which you change in an experiment independent
49%
U Acid in stomach lining causes a stomach _______ ulcer
44%
E Speed up chemical reactions in the body enzymes
40%
D Movement of particles from a high to low concentration. diffusion
37%
N When are the stomate closed? night
37%
A Lower part of the body abdomen
33%
I Stain for onion cells iodine
31%
T TMV stands for ____ mosaic virus tobacco
30%
T Upper part of the body thorax
27%
U Most popular indicator is the ________ indicator universal
25%
H red pigment that combines with oxygen haemoglobin
23%
R _____ + enzyme = products reactant
20%
THE QUOTE: DO EXACT SAME AS THE SIDE WITH COLON AND IN CAPITALS TWO THINGS ARE INFINITE:THE UNIVERSE AND HUMAN STUPIDITY
19%
A We always remove ______ then calculate a mean average anomalies
13%
H What are fungi made of, the strings are called hyphae
9%
No matching quizzes found
Score Distribution
Percent of People with Each Score
Percentile by Number Answered
Your Score History
You have not taken this quiz